Cheshire and Burn's modern law of real property (Record no. 105872)

MARC details
000 -LEADER
fixed length control field 01400cam a2200313 4500
001 - CONTROL NUMBER
control field ##L134971
008 - FIXED-LENGTH DATA ELEMENTS--GENERAL INFORMATION
fixed length control field 060913n2006 000 0 eng u
020 ## - INTERNATIONAL STANDARD BOOK NUMBER
International Standard Book Number 0199285330
035 ## - SYSTEM CONTROL NUMBER
System control number (Sirsi) u134971
041 0# - LANGUAGE CODE
Language code of text/sound track or separate title eng
050 04 - LIBRARY OF CONGRESS CALL NUMBER
Classification number 346.41043 $2 18
100 1# - MAIN ENTRY--PERSONAL NAME
Personal name Burn, E. H.
245 00 - TITLE STATEMENT
Title Cheshire and Burn's modern law of real property
250 ## - EDITION STATEMENT
Edition statement 17th ed.
260 ## - PUBLICATION, DISTRIBUTION, ETC.
Place of publication, distribution, etc. Oxford
Name of publisher, distributor, etc. Oxford University Press
Date of publication, distribution, etc. 2006
300 ## - PHYSICAL DESCRIPTION
Extent cxxi, 1091p.
Dimensions 25cm.
350 ## - PRICE (NR) (BK AM CF MU VM SE) [OBSOLETE]
Price 37.99
505 2# - FORMATTED CONTENTS NOTE
Formatted contents note Part I Introduction to the modern law: Origins of the modern law -- The modern law
505 2# - FORMATTED CONTENTS NOTE
Formatted contents note Part II Estates and interests in land: Freehold estates -- Leasehold estates -- Equitable beneficial interests in land -- Other legal and equitable interests in land -- Licenses
505 2# - FORMATTED CONTENTS NOTE
Formatted contents note Part III The creation, transfer and extinction of estates and interests in land
505 2# - FORMATTED CONTENTS NOTE
Formatted contents note Part IV Public control over the use of land
520 ## - SUMMARY, ETC.
Summary, etc. Provides guidance on various aspects of land law, including the background to the modern law, the modern law, estates and interests in land and the public control of the use of land. Includes a table of statutes, a table of statutory instruments and a table of cases.
520 ## - SUMMARY, ETC.
Summary, etc. Supersedes the 16th (ISBN 0406983046)
590 ## - LOCAL NOTE (RLIN)
Local note IKA031006
651 #4 - SUBJECT ADDED ENTRY--GEOGRAPHIC NAME
Geographic name England and Wales
Chronological subdivision 1543-
690 ## - LOCAL SUBJECT ADDED ENTRY--TOPICAL TERM (OCLC, RLIN)
Topical term or geographic name as entry element PROPERTY
700 1# - ADDED ENTRY--PERSONAL NAME
Personal name Cartwright, J.
942 ## - ADDED ENTRY ELEMENTS (KOHA)
Suppress in OPAC 0
Holdings
Withdrawn status Lost status Source of classification or shelving scheme Damaged status Not for loan Home library Current library Shelving location Date acquired Cost, normal purchase price Total Checkouts Full call number Barcode Date last seen Date last checked out Copy number Cost, replacement price Price effective from Koha item type
    Dewey Decimal Classification     London London Missing 19/09/2006 37.99 5 346.41043 BUR 30073266 06/08/2019 29/01/2008 1 37.99 06/08/2019 Book